Państwa z największą liczbą osób mówiących po węgiersku - Statystyki

Ogólne statystyki
  • Ten quiz został rozwiązany 351 razy
  • Średni wynik to 8 z 10
Statystyki odpowiedzi
# Użytkownicy % Państwo % Poprawnych
9,89 mln 99.1 Węgry
100%
458 tys 8.5 Słowacja
93%
1,26 mln 6.2 Rumunia
91%
241 tys 3.3 Serbia
89%
22,0 tys 0,2 Austria
85%
117 tys 0,04 Stany Zjednoczone
83%
149 tys 0.3 Ukraina
82%
75,5 tys 0,2 Kanada
67%
20,8 tys 0,09 Australia
47%
70,0 tys 0.9 Izrael
15%
Nie znaleziono quizów pasujących do podanych kryteriów
Rozkład punktacji
Procent ludzi z każdym wynikiem
Percentyl według liczby udzielonych odpowiedzi
Twoja historia wyników
Nie rozwiązałeś tego quizu